{"text_format":"3","workbook":"xlsx","n_sheets":1,"sheets":["主材采购"],"not_rendered":{"defined_names":1},"read":"whole","date_system":"1900"}

{"sheet":"主材采购","index":0,"n_rows":28,"n_cols":9,"rows_kept":28,"merged":[[0,0,0,8],[1,0,1,6],[26,0,26,6],[27,0,27,8]]}
["主材采购 招标控制价"]
["项目名称：红谷滩区长江路人行道改造工程-主材采购"]
["序号","材料名称","规格型号","单位","数量","含税单价（元）","税率","总价（元）","备注"]
[1,"热熔标线","150mm宽","m2",{"v":100,"d":"100.00"},{"v":36,"d":"36.00"},{"v":0.13,"d":"13%"},{"$f":"ROUND(E4*F4,2)","v":{"v":3600,"d":"3600.00"}},"其他"]
[2,"花岗岩树池石","芝麻灰，120*10*14cm","m",1175.04,{"v":24,"d":"24.00"},{"v":0.13,"d":"13%"},28200.96,"人行道及路沿石"]
[3,"花岗岩路缘石","芝麻灰，70*15*29cm","m",1943.24,{"v":53,"d":"53.00"},{"v":0.13,"d":"13%"},102991.72,"人行道及路沿石、排水工程"]
[4,"花岗岩路缘石","芝麻灰，70*10*20cm","m",1809.92,{"v":25,"d":"25.00"},{"v":0.13,"d":"13%"},{"v":45248,"d":"45248.00"},"人行道及路沿石"]
[5,"车挡石","花岗岩圆石柱，外露面磨光，直径φ25mm，含安装","个",{"v":96,"d":"96.00"},{"v":185,"d":"185.00"},{"v":0.13,"d":"13%"},{"v":17760,"d":"17760.00"},"其他工程"]
[6,"U型挡车杆","φ76镀锌钢管150cm*20cm，间距1.5m，外贴黑黄相间反光膜，含安装，壁厚暂定2mm，据实结算调整","个",{"v":450,"d":"450.00"},{"v":135,"d":"135.00"},{"v":0.13,"d":"13%"},{"v":60750,"d":"60750.00"},"其他工程"]
[7,"普通球墨铸铁井盖、井座","C250级，φ700mm","套",{"v":33,"d":"33.00"},{"v":363.8,"d":"363.80"},{"v":0.13,"d":"13%"},{"v":12005.4,"d":"12005.40"},"排水工程"]
[8,"普通球墨铸铁井盖、井座","C250级，φ950mm","套",{"v":12,"d":"12.00"},{"v":670,"d":"670.00"},{"v":0.13,"d":"13%"},{"v":8040,"d":"8040.00"},"排水工程"]
[9,"普通球墨铸铁井盖、井座","C250级，φ700mm","套",{"v":7,"d":"7.00"},{"v":363.8,"d":"363.80"},{"v":0.13,"d":"13%"},{"v":2546.6,"d":"2546.60"},"地上式消火栓井"]
[10,"防坠安全网","防坠网网绳为高强度聚乙烯等耐潮防腐材料","座",{"v":45,"d":"45.00"},{"v":24,"d":"24.00"},{"v":0.13,"d":"13%"},{"v":1080,"d":"1080.00"},"排水工程"]
[11,"防水防漏电连接器","","只",{"v":102,"d":"102.00"},{"v":25,"d":"25.00"},{"v":0.13,"d":"13%"},{"v":2550,"d":"2550.00"},"电气工程"]
[12,"电力电缆","VV-0.6/1KV-5*16mm2","m",{"v":1696.8,"d":"1696.80"},{"v":65,"d":"65.00"},{"v":0.13,"d":"13%"},{"v":110292,"d":"110292.00"},"电气工程"]
[13,"电力电缆","YJV-0.6/1KV-4*95+1*50","m",{"v":50.5,"d":"50.50"},{"v":331,"d":"331.00"},{"v":0.13,"d":"13%"},{"v":16715.5,"d":"16715.50"},"电气工程"]
[14,"绝缘导线","BVVB-450/750V-3*2.5mm2","m",1114.76,{"v":6,"d":"6.00"},{"v":0.13,"d":"13%"},6688.56,"电气工程"]
[15,"PE管","DN100*4.2mm","m",{"v":1219,"d":"1219.00"},{"v":19,"d":"19.00"},{"v":0.13,"d":"13%"},{"v":23161,"d":"23161.00"},"电气工程"]
[16,"PE管接头","DN100","个",223.96,{"v":2,"d":"2.00"},{"v":0.13,"d":"13%"},447.92,"排水工程"]
[17,"球墨铸铁管","DN150，K9级","m",{"v":50,"d":"50.00"},{"v":100,"d":"100.00"},{"v":0.13,"d":"13%"},{"v":5000,"d":"5000.00"},"排水工程"]
[18,"地上式消火栓","SSF150/65-1.6","套",{"v":7,"d":"7.00"},{"v":650,"d":"650.00"},{"v":0.13,"d":"13%"},{"v":4550,"d":"4550.00"},"排水工程"]
[19,"消火栓三通","SSF150/65-1.6","个",{"v":7,"d":"7.00"},{"v":165,"d":"165.00"},{"v":0.13,"d":"13%"},{"v":1155,"d":"1155.00"},"排水工程"]
[20,"细粒式沥青混凝土","SBS改性细粒式沥青混凝土AC-13，5cm","m3",{"v":2,"d":"2.00"},{"v":1160,"d":"1160.00"},{"v":0.13,"d":"13%"},{"v":2320,"d":"2320.00"},"沥青路面恢复，含摊铺、运输等一切费用"]
[21,"透水混凝土","C20","m3",0.81,{"v":390,"d":"390.00"},{"v":0.13,"d":"13%"},{"v":315.9,"d":"315.90"},"人行道及进坡口"]
[22,"透水混凝土","C30","m3",{"v":506.4,"d":"506.40"},{"v":430,"d":"430.00"},{"v":0.13,"d":"13%"},{"v":217752,"d":"217752.00"},"人行道"]
[23,"透水混凝土表面喷漆","","m2",5606.57,{"v":10,"d":"10.00"},{"v":0.13,"d":"13%"},{"v":56065.7,"d":"56065.70"},"人行道"]
["总价（元）：",{"$nulls":6},{"$f":"SUM(H4:H26)","v":729236.26}]
["备注：1、以上含税单价均包括运、装卸到场费用；\n      2、招标数量为按设计图纸理论计量，结算按实调整；\n      3、暂估价材料结算据实调整。"]